000
00321nam a22001457a 4500
008
221018b ||||| |||| 00| 0 eng d
020
_a
0137269285
041
_a
eng
080
_a
004
082
_a
004
100
_a
19
101
_a
SHK
245
_a
OBJECT ORIENTED SOFTWARE DEVELOPMENT
_c
LORENZ M
942
_2
udc
_c
BK
999
_c
58598
_d
58598